| 000 | 00983cam a2200289 a 4500 | ||
|---|---|---|---|
| 999 |
_c9131 _d9131 |
||
| 001 | 9131 | ||
| 003 | BD-JhCC | ||
| 005 | 20180308194017.0 | ||
| 008 | 830318s1981 enk | |||| ||eng|| | ||
| 020 | _a0907574041 | ||
| 035 | _a(BD-JhCC)9131 | ||
| 040 |
_aBD-JhCC _dBD-JhCC |
||
| 041 | _aeng | ||
| 082 | _bCOL 1981 | ||
| 100 | 1 |
_aCole, Arthur, _d1920- |
|
| 245 | 1 | 0 |
_aRothmans Wimbledon on camera : _bArthur Cole's pictorial history of the world's greatest tennis tournament / _cresearched and designed by Robert Duncan ; story by Lance Tingay ; foreword by Dan Maskell ; Arthur Cole's biography by Jack Prosser ; edited by Geoff Peters. |
| 260 |
_aAylesbury : _bRothmans, _cc1981. |
||
| 300 |
_a256p ; _c30cm. |
||
| 504 | _aIncludes index. | ||
| 650 | 0 |
_aTennis _zEngland _zWimbledon _xHistory. |
|
| 700 | 1 |
_aDuncan, Robert, _d19--- |
|
| 700 | 1 |
_aTingay, Lance, _d1915- |
|
| 700 | 1 | _aProsser, Jack. | |
| 700 | 1 |
_aPeters, Geoff, _d1945- |
|
| 942 |
_2ddc _cREF |
||